| 000 | 01271nam0a2200361 i 4500 | ||
|---|---|---|---|
| 001 | RU\NLR\BIBL_A\010815124 | ||
| 005 | 20260601070159.0 | ||
| 010 |
_a9785358153837 _930 000 |
||
| 021 |
_aRU _b15-49042 |
||
| 035 | _a(NILC)RuMoRGB-007971642 | ||
| 035 | _a(NLR Aleph) 010815124 | ||
| 090 |
_a10220481 _c10220481 |
||
| 100 | _a20150811d2015 um y0rusy50 ca | ||
| 101 | 0 | _arus | |
| 102 | _aRU | ||
| 105 | _aac||j|||001yy | ||
| 200 | 1 |
_aХимия _eучебник _eбазовый уровень _e10 кл. _fО. С. Габриелян |
|
| 205 | _a3-е изд., стер. | ||
| 210 |
_aМосква _cДрофа _d2015 |
||
| 215 |
_a191, [1] с. _cпортр., цв. ил., табл. _d22 |
||
| 225 | 1 | _aФГОС | |
| 225 | 1 | _aВертикаль | |
| 320 | _aПредм. указ.: с. 188-190 | ||
| 606 |
_aОрганическая химия _jУчебники для средней школы _91049152 _3RU\NLR\AUTH\6687223 |
||
| 675 | _a373.167.1:54 | ||
| 675 | _a54(075.3) | ||
| 686 | 1 | _aГ2я721-1 | |
| 700 | 1 |
_8rus _7ca _aГабриелян _bО. С. _cканд. пед. наук _gОлег Сергеевич _3RU\NLR\AUTH\775057 _9115027 |
|
| 801 | 0 |
_aRU _bРГБ _c20150708 _gRCR |
|
| 942 | _cBOOK | ||
| 980 | _aNBR | ||